000 00454nam a2200193Ia 4500
003 GCL
008 140319s9999 xx 000 0 eng d
040 _aGCL /
_cGCL
082 0 4 _aCH
_b937
_bJ A
100 1 _aJAMES, SIMON
245 1 0 _aANCIENT ROME /
_cJAMES, SIMON
260 _a[S.N] :
_bHAM LYN ،
_c1992
300 _a48
650 0 4 _aROME - HISTORY
650 0 4 _aSTUDY AND TEACHING
650 0 4 _aHISTORY
650 0 4 _aROME
942 _2ddc
_cBK
999 _c18233
_d18233